| Tag |
First Indicator |
Second Indicator |
Subfields |
| LEADER |
00000pam a2200000 a 4500 |
| 001 |
in00000082235 |
| 005 |
20151008061105.0 |
| 008 |
800423s1981 nyu b 00110 engm |
| 010 |
|
|
|a 80016373
|
| 019 |
|
|
|a 7420765
|
| 020 |
|
|
|a 0801559294
|
| 035 |
|
|
|a (OCoLC)06305084
|
| 035 |
|
|
|9 AAJ7284AM
|
| 040 |
|
|
|a DLC
|c DLC
|d m.c.
|d TXA
|d UtOrBLW
|
| 043 |
|
|
|a n-us---
|
| 049 |
|
|
|a TXAM
|c [1673169]
|
| 050 |
0 |
0 |
|a JK2249
|b .A73
|
| 082 |
0 |
|
|a 320.973
|
| 100 |
1 |
|
|a Ashworth, William,
|d 1942-
|
| 245 |
1 |
0 |
|a Under the influence :
|b Congress, lobbies, and the American pork-barrel system /
|c William Ashworth ; foreword by Jim Weaver.
|
| 250 |
|
|
|a 1st ed.
|
| 264 |
|
1 |
|a New York :
|b Hawthorn/Dutton,
|c [1981]
|
| 264 |
|
4 |
|c ©1981
|
| 300 |
|
|
|a xvi, 207 pages ;
|c 21 cm.
|
| 336 |
|
|
|a text
|b txt
|2 rdacontent
|
| 337 |
|
|
|a unmediated
|b n
|2 rdamedia
|
| 338 |
|
|
|a volume
|b nc
|2 rdacarrier
|
| 500 |
|
|
|a Includes index.
|
| 504 |
|
|
|a Bibliography: pages 188-195.
|
| 610 |
1 |
0 |
|a United States.
|b Congress.
|
| 650 |
|
0 |
|a Political corruption
|z United States.
|
| 650 |
|
0 |
|a Patronage, Political
|z United States.
|
| 999 |
|
|
|a MARS
|
| 999 |
f |
f |
|s 46cad1a4-a9bf-30da-83be-fb74df96bbb1
|i 5c5faafb-b075-32cf-897b-67432fca70ec
|t 0
|
| 952 |
f |
f |
|p ric
|a Texas A&M University
|b Rellis Campus
|c Joint Library Facility
|d Remote Storage
|t 0
|e JK2249 .A73
|h Library of Congress classification
|i unmediated -- volume
|m A14806150931
|
| 998 |
f |
f |
|a JK2249 .A73
|t 0
|l Remote Storage
|